Brytyjska historia - prawda czy fałsz? #2 - Statystyki

Ogólne statystyki
  • Ten quiz został rozwiązany 61 razy
  • Średni wynik to 10 z 15
Statystyki odpowiedzi
Zagadnienie Odpowiedź % Poprawnych
Książę Wellington urodził się w Wellington w Nowej Zelandii Fałsz
100%
Starożytni Rzymianie założyli w Wielkiej Brytanii kilka miast Prawda
100%
Canterbury stało się miejscem pielgrzymek religijnych po zamordowaniu Thomasa Becketta Prawda
92%
W średniowieczu w Wielkiej Brytanii było tak zimno, że niedźwiedzie polarne od czasu do czasu zawędrowały do ​​Londynu Fałsz
83%
Anna Boleyn została zabita Prawda
83%
Nigeria była kiedyś częścią Imperium Brytyjskiego Prawda
75%
Beda Czcigodny był mnichem, który napisał historię Anglii Prawda
75%
Las Sherwood nigdy nie istniał w prawdziwym życiu Fałsz
67%
Oliver Cromwell był katolikiem Fałsz
58%
Niemcy zbombardowały Wielką Brytanię podczas II wojny światowej, ale zginęły tylko 4 osoby Fałsz
50%
Isaak Newton wykładał na Uniwersytecie w Cambridge Prawda
50%
Edward VIII zrzekł się tronu, aby poślubić amerykańską rozwódkę Prawda
50%
Pierwszą osobą, która przepłynęła kanał La Manche, była kobieta Fałsz
42%
Gang Peaky Blinders miał swoją siedzibę w Liverpoolu Fałsz
42%
Jerzy III oszalał w wieku 30 lat i zmarł zaledwie trzy lata później Fałsz
33%
Nie znaleziono quizów pasujących do podanych kryteriów
Rozkład punktacji
Procent ludzi z każdym wynikiem
Percentyl według liczby udzielonych odpowiedzi
Twoja historia wyników
Nie rozwiązałeś tego quizu